MARC

LEADER 00000nam0a2200000 4500
001 16726
005 20260224132351.0
010 |a 5250016154 
035 |a (RuTPU)RU\TPU\book\16854 
035 |a BOOK00001542 
090 |a 16726 
100 |a 20011209d1993 m y0rusy50 ca 
101 0 |a rus 
102 |a RU 
105 |a a z 010zy 
200 1 |a Сорок лет в правительстве  |f Н. К. Байбаков 
210 |a Москва  |c Республика  |d 1993 
215 |a 319 с.  |c ил. 
606 |a Россия  |x История  |x Воспоминания и записки  |z 20 в. - ...  |9 89178 
610 1 |a СССР 
610 1 |a 20 век 
610 1 |a Совет Министров 
610 1 |a советское общество 
610 1 |a правительство 
686 |a Т3(2)6ю  |2 rubbk 
700 1 |a Байбаков  |b Н. К.  |g Николай Константинович 
801 0 |a RU  |b 63413507  |c 20011209  |g PSBO 
801 2 |a RU  |b 63413507  |c 20080318  |g PSBO 
942 |c BK